000
00221nam a2200097Ia 4500
008
240625s9999 xx 000 0 und d
041
_a
eng
100
_a
MICROSOFT
245
_a
MICROSOFT OFFICE PROJECT 2007
260
_c
2007
999
_c
34345
_d
34345